000 01089nam a2200229 4500
008 260521b2018 ||| |||g |||| 00| 0 eng d
020 _a9788120800236
_qhardback
040 _aUniversiti Teknologi Brunei
_beng
_cUTB
084 _aPK3795 KAL 2018
100 1 _aKalidasa
_eauthor.
245 1 0 _aWorks of Kālidāsa :
_bvolume 1 : three plays /
_cedited with an exhaustive introduction, translation and critical and explanatory notes by C.R. Devadhar.
260 _a New Delhi :
_bMotilal Banarsidass Publishers,
_c1981 (reprinted 2015).
300 _axxxii, 312 pages :
_c22 cm.
500 _aParallel text in Sanskrit and English translation.
500 _avolume 1: Three plays: Abhijñānaśākuntalam, Vikramorvaśīyam, Mālavikāgnimitram.
650 4 _aSanskrit drama
_vTranslations into English.
650 4 _aSanskrit drama
_xHistory and criticism.
650 4 _aKālidāsa
_vTranslations into English.
700 1 _aDevadhar, C. R.
_q(Chintaman Ramchandra)
_eeditor, translator.
942 _2lc
_n0
_cGC
998 _eBook
_s829062 : 013416 c. 1 UTB
_xDonated by India Embassy
999 _c24165
_d24165